Stations du Métro de Paris par lettre - V et W - Statistiques

Statistiques générales
  • Ce quiz a été pris 190 fois
  • Le résultat moyen est 8 sur 13
Statistiques - réponses
Hint Réponse % Correct
3 Wagram
85%
12 Vaugirard
74%
2,3 Villiers
67%
13 Varenne
65%
12 Volontaires
65%
4 Vavin
64%
2 Victor Hugo
59%
9 Voltaire
59%
10 Vaneau
53%
7 Villejuif Louis Aragon
52%
7 Villejuif Léo Lagrange
50%
7 Villejuif Paul Vaillant-Couturier
45%
14 Villejuif - Gustave Roussy
27%
Aucun quiz correspondant
Distribution des résultats
% des personnes avec chaque résultat
Percentile par nombre de réponses
Votre historique - résultats
Vous n’avez pas pris ce quiz